Αυτό το αστέρι είναι για όλους μας

Αποθηκεύτηκε σε:
Λεπτομέρειες βιβλιογραφικής εγγραφής
Κύριος συγγραφέας: Λειβαδίτης, Τάσος, 1921-1988
Μορφή: Βιβλίο
Γλώσσα:Greek
Δημοσίευση: Αθήνα : Κέδρος, 1993.
Έκδοση:7η έκδ.
Θέματα:
Ετικέτες: Προσθήκη ετικέτας
Δεν υπάρχουν, Καταχωρήστε ετικέτα πρώτοι!

MARC

LEADER 00000cam a2200000 i 4500
001 1/60959
008 960529s1993 gr | ||| |||| ||gre||
020 |a 9600402833 
035 |l 10028808 
040 |a GR-MY-UA  |b gre  |e aacr 
041 0 |a gre 
082 7 |a 889.19   |2 (22) 
100 1 |a Λειβαδίτης, Τάσος,   |d 1921-1988. 
245 1 0 |a Αυτό το αστέρι είναι για όλους μας /   |c Τάσος Λειβαδίτης.  
250 |a 7η έκδ.  
260 |a Αθήνα :   |b Κέδρος,   |c 1993.  
300 |a 38 σ. ;   |c 24 εκ.  
650 0 0 |a Greek literature, Modern  |y 20th century. 
650 0 0 |a Greek poetry. 
852 |a INST  |b CHIOS  |e 19960529  |h 889.19 ΛΕΙ  |p 005200008133  |q 005200008133  |t BK  |y 0 
909 |a Χ  |b 031046 
970 |z 1996/05